书目信息 |
| 题名: |
线性代数与概率统计
|
|
| 作者: | 吴赣昌 主编 | |
| 分册: | ||
| 出版信息: | 北京 中国人民大学出版社 2011 |
|
| 页数: | 247页 | |
| 开本: | 23cm | |
| 丛书名: | ||
| 单 册: | ||
| 中图分类: | O151.2 , O21 | |
| 科图分类: | ||
| 主题词: | 线性代数--教材--高等职业教育 , 概率论--教材--高等职业教育 , 数理统计--教材--高等职业教育 , 线性代数 , 概率论 , 数理统计 | |
| 电子资源: | ||
| ISBN: | 978-7-300-13994-4 | |
| 000 | 01105nam0 2200325 450 | |
| 001 | 266 | |
| 005 | 20160905085717.45 | |
| 005 | 20140715171741 | |
| 010 | @a978-7-300-13994-4@dCNY32.80 | |
| 100 | @a20120204d2011 em y0chiy50 ea | |
| 101 | 0 | @achi |
| 102 | @aCN@b110000 | |
| 105 | @ay z 000yy | |
| 200 | 1 | @a线性代数与概率统计@9xian xing dai shu yu gai lv tong ji@e经管类·高职高专版@f吴赣昌主编 |
| 205 | @a3版 | |
| 210 | @a北京@c中国人民大学出版社@d2011 | |
| 215 | @a247页@d23cm | |
| 300 | @a世纪数学教育信息化精品教材 高职高专数学立体化教材 | |
| 330 | @a本书内容包括行列式、矩阵、线性方程组、概率论的基本概念、随机变量及其分布、随机变量的数字特征、数理统计的基础知识、参数估计、假设检验、方差分析和回归分析等。 | |
| 606 | 0 | @a线性代数@j教材@x高等职业教育 |
| 606 | 0 | @a概率论@j教材@x高等职业教育 |
| 606 | 0 | @a数理统计@j教材@x高等职业教育 |
| 606 | 0 | @a线性代数 |
| 606 | 0 | @a概率论 |
| 606 | 0 | @a数理统计 |
| 690 | @aO151.2@v5 | |
| 690 | @aO21@v5 | |
| 701 | 0 | @a吴赣昌@9wu gan chang@f(1959.9~)@4主编 |
| 801 | 0 | @aCN@b唐山师范学院图书馆@c20160721 |
| 905 | @aZUCC@dO151.2@e327=3 | |
| 线性代数与概率统计:经管类·高职高专版/吴赣昌主编.-3版.-北京:中国人民大学出版社,2011 |
| 247页;23cm |
| 世纪数学教育信息化精品教材 高职高专数学立体化教材 |
| ISBN 978-7-300-13994-4:CNY32.80 |
| 本书内容包括行列式、矩阵、线性方程组、概率论的基本概念、随机变量及其分布、随机变量的数字特征、数理统计的基础知识、参数估计、假设检验、方差分析和回归分析等。 |
| ● |
| 相关链接 |
|
|
|
|
正题名:线性代数与概率统计
索取号:O151.2/327=3
 
预约/预借
| 序号 | 登录号 | 条形码 | 馆藏地/架位号 | 状态 | 备注 |
| 1 | 901155 | 209011558 | 第二样本阅览室/ [索取号:O151.2/327=3] | 在馆 | |
| 2 | 901156 | 209011567 | 数信系资料室/ [索取号:O151.2/327=3] | 在馆 | |
| 3 | 901157 | 209011576 | 第三借阅区/ [索取号:O151.2/327=3] | 在馆 | |
| 4 | 901158 | 209011585 | 第三借阅区/ [索取号:O151.2/327=3] | 在馆 |